000 00565nam a2200217 i 4500
001 84198
003 ES-MaACL
007 t|
008 041122s1986 fr ||||1| fre d
020 _a2-02-009084-8
100 1 _aJean, Raymond.
_966226
245 1 0 _aCézanne
_b: la vie, l'espace /
_cRaymond Jean.
260 _aParis :
_bSeuil,
_c[1986]
300 _a345 p. ;
_c20 cm.
490 1 _aFiction & Cie
500 _3Indice
504 _aBibliografĂ­a.
830 0 _aFiction & Cie
_9188953
852 _aES-MaACL
_jG-3485
_bR.114467
999 _c84198
_d84198